[Event "Oberliga Ost B9798"]
[Site "Germany"]
[Date "1998.??.??"]
[Round "?"]
[White "Brueggemann, Joachim"]
[Black "Gutman, Lev"]
[Result "0-1"]
[WhiteElo "2310"]
[BlackElo "2475"]
[PlyCount "86"]
[EventDate "1997.09.??"]
[Source "www.chesslib.no"]
[SourceDate "2004.05.04"]

1. e4 c5 2. Nf3 d6 3. d4 cxd4 4. Nxd4 Nf6 5. Nc3 a6 6. Bg5 Bg4 7. Be2 Bxe2 8. Qxe2 e6 9. O-O-O Nbd7 10. f4 Be7 11. f5 e5 12. Bxf6 Nxf6 13. Nf3 Rc8 14. Nd5 Rc5 15. Nxf6+ gxf6 16. Nd2 Qc7 17. Kb1 h5 18. c4 Bf8 19. h4 Bh6 20. Qxh5 Ke7 21. Qe2 Rc8 22. h5 b5 23. Rc1 bxc4 24. Rc3 Qb7 25. Re1 Qb5 26. Nf1 d5 27. exd5 Rxd5 28. Qc2 Qd7 29. a3 Bd2 30. Nxd2 Rxd2 31. Qc1 Qxf5+ 32. Ka1 Qf2 33. Rd1 Rxd1 34. Qxd1 Qxg2 35. h6 Rd8 36. Qb1 Qg6 37. Qh1 Kf8 38. Rxc4 Kg8 39. Ka2 Kh7 40. Qb7 Rd1 41. Qxa6 Qb1+ 42. Kb3 Qd3+ 43. Ka2 Rc1 0-1

[Event "It (Men) Buenos Aires ARG"]
[Site "?"]
[Date "2006.02.19"]
[Round "3"]
[White "Dos Santos Ramiro"]
[Black "Lafuente Pablo"]
[Result "1/2-1/2"]
[WhiteElo "2376"]
[BlackElo "2408"]
[PlyCount "85"]
[EventDate "2006.??.??"]
[Source "www.chesslib.no"]
[SourceDate "2004.05.04"]

1. e4 c5 2. Nf3 d6 3. d4 cxd4 4. Nxd4 Nf6 5. Nc3 a6 6. Bg5 Nbd7 7. f4 Qb6 8. Bxf6 Nxf6 9. Qd2 e6 10. O-O-O Be7 11. g4 h6 12. Kb1 Nd7 13. Bc4 Nc5 14. Rhe1 Bf6 15. g5 hxg5 16. fxg5 Be5 17. Nf3 Bd7 18. Nxe5 dxe5 19. Rf1 Rf8 20. h4 O-O-O 21. Qh2 f6 22. h5 Bc6 23. h6 gxh6 24. gxf6 Rxd1+ 25. Rxd1 Qc7 26. Qxh6 Qf7 27. Rc1 Nd7 28. Qd2 Kc7 29. Rd1 Re8 30. Qd6+ Kb6 31. Na4+ Ka7 32. Nc5 Nxf6 33. Qxe5 Qe7 34. Qd4 e5 35. Qe3 Ka8 36. Bd5 Bxd5 37. exd5 Qd6 38. c4 e4 39. Rg1 Qb6 40. Qd4 e3 41. Nb3 Qxd4 42. Nxd4 Re4 43. Nc2 1/2-1/2